Lecciones aprendidas en el trabajo con mujeres refugiadas: el caso de Chiapas
Guardado en:
| Autor principal: | |
|---|---|
| Autor Corporativo: | |
| Formato: | Texto |
| Publicado: |
Chiapas:
ACNUR
|
| Materias: | |
| Etiquetas: |
Agregar Etiqueta
Sin Etiquetas, Sea el primero en etiquetar este registro!
|
MARC
| LEADER | 00000 a a2200000 04500 | ||
|---|---|---|---|
| 001 | 37696 | ||
| 003 | |||
| 040 | |||
| 090 | |a 1001 L925l | ||
| 100 | |a Lozano, Itziar | ||
| 110 | |a Alto Comisionado de las Naciones Unidas para los Refugiados | ||
| 245 | |a Lecciones aprendidas en el trabajo con mujeres refugiadas: el caso de Chiapas | ||
| 260 | |a Chiapas: |b ACNUR | ||
| 300 | |a 24 p. |b il. | ||
| 650 | |a TRABAJO | ||
| 650 | |a MUJERES | ||
| 650 | |a GENERO | ||
| 650 | |a REFUGIADOS | ||
| 650 | |a MEXICO | ||
| 999 | |c 11019 |d 11019 | ||
